TOP 10 Countries in: Advanced Technology - Statistics

General Stats
  • This quiz has been taken 433 times
  • The average score is 9 of 10
Answer Stats
Index Answer % Correct
88.54 United States
99%
75.42 China
98%
79.38 Japan
97%
78.63 Germany
95%
73.61 France
93%
76.91 South Korea
91%
73.86 United Kingdom
91%
73.59 Canada
88%
76.29 Russia
82%
76.64 Finland
41%
No matching quizzes found
Score Distribution
Percent of People with Each Score
Percentile by Number Answered
Your Score History
You have not taken this quiz